Normal view MARC view
  • América Latina

Entry Nombre Geográfico

Number of records used in: 1

001 - NÚMERO DE CONTROL

  • campo de control: 45643

003 - IDENTIFICADOR DE NUMERO DE CONTROL

  • campo de control: MX-MxUPN

005 - FECHA Y HORA DE LA ÜLTIMA TRANSACCIÓN

  • campo de control: 20220810115128.0

008 - DATOS DE LONGITUD FIJA

  • campo de control de longitud fija: 220810|| acn||aabn | a|a d

040 ## - FUENTE DE CATALOGACIÓN

  • Agencia de catalogación original: MX-MxUPN
  • Lenguaje de catalogación: spa
  • Agencia de transcripción: MX-MxUPN

151 ## - ENCABEZAMIENTO - NOMBRE GEOGRÁFICO

  • Nombre geográfico: América Latina
  • Subdivisión general : Historia
  • Subdivisión cronológica : Guerras de Independencia, 1806-1830
  • Subdivisión de forma: Congresos

670 ## - FUENTE EN LA QUE SE LOCALIZARON DATOS

  • Cita de la fuente: Biblioteca del Congreso, 10 agosto 2022:
  • Información localizada: (Latin America--History--Wars of Independence, 1806-1830--Congresses)

902 ## - CATALOGADOR

  • Catalogador: VRC/100822